|
|
|
|
| LEADER |
00000cam a2200000 4500 |
| 001 |
vtls012130238 |
| 003 |
SK-MaSNL |
| 005 |
20260301055402.0 |
| 008 |
220407s2022 xo g nf 000 0 slo |
| 015 |
|
|
|a SNBA2022/08
|
| 020 |
|
|
|a 9788081642784
|q (brožované)
|
| 040 |
|
|
|a SNK
|b slo
|c SNK
|e rda
|
| 041 |
1 |
|
|a slo
|k eng
|h swe
|
| 044 |
|
|
|a xo
|c SK
|
| 072 |
|
7 |
|a 316.4/.7
|x Sociálne interakcie
|2 konspekt
|
| 080 |
|
|
|a 316.472.4
|2 2011
|
| 080 |
|
|
|a 316.77
|2 2011
|
| 080 |
|
|
|a 159.913
|2 2011
|
| 080 |
|
|
|a 616.89-008.442.6
|2 2011
|
| 080 |
|
|
|a (035)
|2 2011
|
| 100 |
1 |
|
|a Erikson, Thomas,
|d 1965-
|4 aut
|9 203798
|
| 240 |
1 |
0 |
|a Omgiven av Narcissister
|l Slovensky
|
| 245 |
1 |
0 |
|a Obklopený narcistami
|c Thomas Erikson ; preložila Martina Šturcelová
|
| 246 |
1 |
|
|i Obálkový podnázov:
|a Ako účinne rozoznať toxických ľudí, vyhnúť sa im a ubrániť sa pred nimi (bez toho, aby ste pritom prišli o rozum)
|
| 250 |
|
|
|a Vydanie prvé
|
| 264 |
|
1 |
|a [Bratislava]
|b Motýľ
|c 2022
|
| 300 |
|
|
|a 325 strán
|c 20 cm
|
| 336 |
|
|
|a text
|b txt
|2 rdacontent
|
| 337 |
|
|
|a bez média
|b n
|2 rdamedia
|
| 338 |
|
|
|a zväzok
|b nc
|2 rdacarrier
|
| 500 |
|
|
|a Preložené z anglického prekladu švédskeho originálu
|
| 500 |
|
|
|a Miesto vydania podľa NA ISBN
|
| 504 |
|
|
|a Obsahuje bibliografiu na strane 323-325
|
| 650 |
0 |
7 |
|a interpersonálne vzťahy
|2 SNKPH
|9 3770
|
| 650 |
0 |
7 |
|a komunikácia
|2 SNKPH
|9 1362
|
| 650 |
0 |
7 |
|a zvládanie stresu
|2 SNKPH
|9 4283
|
| 650 |
0 |
7 |
|a narcizmus
|2 SNKPH
|9 23458
|
| 650 |
0 |
7 |
|a Interpersonal relations
|2 SNKPHeng
|9 278058
|
| 650 |
0 |
7 |
|a Communication
|2 SNKPHeng
|9 265705
|
| 650 |
0 |
7 |
|a Stress management
|2 SNKPHeng
|9 323474
|
| 650 |
0 |
7 |
|a Narcissism
|2 SNKPHeng
|9 354417
|
| 655 |
|
7 |
|a príručky
|2 SNKPH
|9 74364
|
| 655 |
|
7 |
|a Handbooks, manuals, etc.
|2 SNKPHeng
|9 90964
|
| 700 |
1 |
|
|a Šturcelová, Martina
|c (prekladateľka)
|4 trl
|9 186330
|
| 765 |
0 |
8 |
|i Názov anglického prekladu:
|t Surrounded by Narcissists
|9 Slovensky
|
| 919 |
|
|
|a 978-80-8164-278-4
|
| 954 |
|
|
|a iná literatúra (príručky, kuchárske knihy, hobby literatúra, sprievodcovia) cudzojazyčná (svetová)
|2 lita
|
| 958 |
|
|
|a OP
|
| 958 |
|
|
|a NB
|
| 968 |
|
|
|a SLO
|b SVE
|c ENG
|
| 999 |
|
|
|c 613255
|d 615185
|
| 952 |
|
|
|a SNK
|b SNK
|y PREZ
|7 0
|p 17A1492041
|o snkSD 90860
|i snk2022/10919
|8 0
|0 0
|1 0
|4 0
|d 2022-07-01
|f 1
|l 0
|r 2026-02-23 16:29:48
|w 2026-02-23
|
| 952 |
|
|
|a SNK
|b SNK
|y VYP
|7 0
|p 17A1492042
|o snkSD 90860 D1
|i snk2022/10920
|8 0
|0 0
|1 0
|4 0
|d 2022-07-01
|l 0
|r 2026-02-23 16:29:48
|w 2026-02-23
|